Top 3 meilleurs buteurs de Ligue 1 par saison depuis 1980 - Statistiques

Statistiques générales
  • Ce quiz a été pris 331 fois
  • Le résultat moyen est 23 sur 87
Statistiques - réponses
Réponse % Correct
Kylian Mbappé
99%
Edinson Cavani
95%
Zlatan Ibrahimović
92%
Neymar
81%
Alexandre Lacazette
77%
Jean-Pierre Papin
75%
Wissam Ben Yedder
72%
Karim Benzema
68%
Olivier Giroud
68%
Pauleta
66%
André-Pierre Gignac
64%
Mamadou Niang
56%
Florian Thauvin
54%
Djibril Cissé
51%
Michel Platini
51%
Didier Drogba
49%
Eden Hazard
48%
Radamel Falcao
48%
Bafétimbi Gomis
47%
David Trezeguet
47%
Sonny Anderson
44%
Lisandro López
43%
Moussa Dembélé
42%
Memphis Depay
41%
Moussa Sow
40%
Stéphane Guivarc'h
39%
Kevin Gameiro
36%
Sylvain Wiltord
36%
Nenê
34%
Nicolas Pépé
33%
Alexander Frei
32%
George Weah
32%
Dominique Rocheteau
31%
Guillaume Hoarau
27%
Shabani Nonda
27%
Pierre-Emerick Aubameyang
26%
Youri Djorkaeff
26%
Fred
25%
Patrice Loko
25%
Lilian Laslandes
21%
Bernard Lacombe
20%
Mickaël Pagis
19%
Mevlüt Erding
18%
Nicolas Ouédec
18%
Roger Boli
17%
Delio Onnis
16%
Jean-Claude Darcheville
16%
Laurent Blanc
16%
Marco Simone
16%
Alen Bokšić
15%
Florian Maurice
13%
Steve Savidan
13%
Darío Cvitanich
9%
Jürgen Klinsmann
8%
Japhet N'Doram
7%
Salomon Kalou
7%
Vincent Aboubakar
7%
Alain Caveglia
6%
Grégory Pujol
6%
Anto Drobnjak
5%
Bernard Zénier
5%
Frédéric Née
5%
Peter Odemwingie
5%
Vahid Halilhodžić
5%
Xavier Gravelaine
5%
Andrzej Szarmach
4%
François Calderaro
4%
Jules Bocandé
4%
Patrice Garande
4%
Philippe Fargeon
4%
Victor Ikpeba
4%
Enzo Scifo
3%
Glenn Hoddle
3%
Grafite
3%
Zlatko Vujovic
3%
Kalman Kovacs
2%
Mark Hateley
2%
Robby Langers
2%
Víctor Ramos
2%
Youssef El-Arabi
2%
Abdelkrim Merry Krimau
1%
Erwin Kostedde
1%
Gérard Buscher
1%
Ismaël Bangoura
1%
Sima Nikolic
1%
Uwe Krause
1%
Pierre Pleimelding
0%
Aucun quiz correspondant
Distribution des résultats
% des personnes avec chaque résultat
Percentile par nombre de réponses
Votre historique - résultats
Vous n’avez pas pris ce quiz